Na polceste medzi Montrealom a Moskvou Elita 1977/78

Bibliographic Details
Main Author: Krnáč, Ladislav (Author)
Format: Article
Language:Slovak
Subjects:

MARC

LEADER 00000nab a2200000 a 4500
001 vtls000317640
003 SK-MaSNL
005 20260303185550.0
008 111201c1978 xo 0 slo
015 |a SNBRB19rr/mm-uuuuu 
035 |a CL0007732 
040 |a SNKBUCL  |b slo  |c SNKBUCL  |e AACR2 
041 0 |a slo 
044 |a xo  |c SK 
080 |a 796.42  |2 1981 
100 1 |a Krnáč, Ladislav  |4 aut  |9 279480 
245 1 0 |a Na polceste medzi Montrealom a Moskvou  |b Elita 1977/78  |c Ladislav Krnáč 
650 0 7 |a atletika  |2 snkbucl  |9 3279 
655 7 |a články z novín a časopisov  |2 snkbucl  |9 267496 
773 0 |t Šport  |g Roč. 30, č. 77 (1. 4. 1978), s. 3 
850 |a Slovenská národná knižnica v Martine  |a MTA001 
852 |a SNK  |b KIS3GCP 
958 |a RK 
992 |a RBX 
999 |c 2131908  |d 2133838